[Event "18th Amber Blindfold"]
[Site "Nice FRA"]
[Date "2009.03.15"]
[Round "2"]
[White "Topalov, V."]
[Black "Karjakin, Sergey"]
[Result "1-0"]
[WhiteElo "2796"]
[BlackElo "2706"]
[PlyCount "153"]
[EventDate "2009.03.14"]

1. e4 e5 2. Nf3 Nc6 3. Bb5 Nf6 4. O-O Bc5 5. c3 O-O 6. d4 Bb6 7. a4 a6 8. Bxc6
dxc6 9. a5 Ba7 10. Bg5 Bg4 11. h3 Bxf3 12. Qxf3 exd4 13. Rd1 h6 14. Bxf6 Qxf6
15. Qxf6 gxf6 16. cxd4 Rfd8 17. Ra4 f5 18. exf5 Rd5 19. Nc3 Rxf5 20. g4 Rf6 21.
Rb4 b5 22. axb6 cxb6 23. Ra4 a5 24. Ne4 Rf4 25. Ng3 Rd8 26. Kg2 Rf6 27. Nf5 Bb8
28. Rc1 Kf8 29. Rac4 Rc8 30. b4 axb4 31. Rxb4 Bc7 32. Ra4 Ke8 33. Ra7 Bf4 34.
Rb1 b5 35. d5 cxd5 36. Rxb5 Kf8 37. Rxd5 Re8 38. h4 Kg8 39. h5 Bc1 40. Rb7 Ba3
41. Rbd7 Bf8 42. Rd8 Rfe6 43. Kg3 Re1 44. Ne3 Rxd8 45. Rxd8 Rb1 46. Nf5 Rb6 47.
Rc8 Rb3+ 48. Kh4 Rb6 49. f4 Ra6 50. g5 hxg5+ 51. Kxg5 Re6 52. h6 Rg6+ 53. Kh5
Rf6 54. Ne7+ Kh7 55. Rxf8 Rxf4 56. Kg5 Rf1 57. Nf5 Rg1+ 58. Kf6 Rg6+ 59. Kxf7
Ra6 60. Ke7 Kg6 61. Kd7 Rb6 62. Kc7 Ra6 63. Kb8 Rb6+ 64. Ka7 Re6 65. Kb7 Re1
66. Kc6 Rc1+ 67. Kd6 Rd1+ 68. Ke5 Re1+ 69. Kf4 Rf1+ 70. Kg3 Rh1 71. Kf3 Rh2 72.
Kg4 Rg2+ 73. Kf4 Rg1 74. Rg8+ Kh5 75. h7 Rxg8 76. Ng3+ Kh6 77. hxg8=R 1-0

[Event "18th Amber Blindfold"]
[Site "Nice FRA"]
[Date "2009.03.17"]
[Round "4"]
[White "Kamsky, G."]
[Black "Ivanchuk, V."]
[Result "1/2-1/2"]
[WhiteElo "2725"]
[BlackElo "2779"]
[PlyCount "104"]
[EventDate "2009.03.14"]

1. e4 c5 2. Nf3 d6 3. d4 cxd4 4. Nxd4 Nf6 5. Nc3 a6 6. a4 Nc6 7. Be2 g6 8. O-O
Bg7 9. Be3 O-O 10. Qd2 Bd7 11. f3 Rc8 12. Rfd1 Re8 13. Bf1 Qc7 14. Qf2 Na5 15.
Ndb5 axb5 16. Bb6 Qb8 17. Bxa5 bxa4 18. Nxa4 Bxa4 19. Rxa4 Rf8 20. Bb5 b6 21.
Bb4 Qc7 22. c3 Ra8 23. Rda1 Rxa4 24. Rxa4 Nd7 25. Qe2 Nc5 26. Ra1 Qb7 27. Bc4
Ra8 28. Rd1 Qc7 29. g3 e6 30. Kg2 Bf6 31. Bb5 Ra7 32. h4 h5 33. Bc4 Qc6 34. Kh3
Be7 35. Re1 Qa8 36. Rd1 Ra1 37. Ba3 Rxd1 38. Qxd1 Qc8 39. Bb5 d5 40. exd5 exd5+
41. Kg2 Qe6 42. Qe2 Kf8 43. Qxe6 Nxe6 44. Bxe7+ Kxe7 45. Kf2 d4 46. c4 Nc7 47.
Ba4 f5 48. Ke2 Na6 49. Bb5 Nb4 50. f4 Kf7 51. Kd2 Ke7 52. Ke2 Kf7 1/2-1/2

[Event "18th Amber Blindfold"]
[Site "Nice FRA"]
[Date "2009.03.17"]
[Round "4"]
[White "Anand, V."]
[Black "Aronian, L."]
[Result "1/2-1/2"]
[WhiteElo "2791"]
[BlackElo "2750"]
[PlyCount "143"]
[EventDate "2009.03.14"]

1. e4 e5 2. Nf3 Nc6 3. Bb5 a6 4. Ba4 Nf6 5. O-O Be7 6. Re1 b5 7. Bb3 O-O 8. h3
Bb7 9. d3 d5 10. exd5 Nxd5 11. a4 Nd4 12. Nbd2 Nxb3 13. Nxb3 f6 14. Na5 Qc8 15.
c3 Kh8 16. Qb3 c5 17. Bd2 Rb8 18. Nxb7 Qxb7 19. axb5 axb5 20. Ra2 Qc6 21. Rea1
c4 22. Qc2 cxd3 23. Qxd3 Nb6 24. Ra6 Rfd8 25. Qe2 Qd5 26. Be3 Nc4 27. Ba7 Ra8
28. b3 Na3 29. b4 Nc4 30. Ne1 h6 31. Nc2 Qd3 32. Qxd3 Rxd3 33. Ne3 Nxe3 34.
Bxe3 Rxa6 35. Rxa6 Rxc3 36. Rb6 Bxb4 37. Rxb5 Rc4 38. g4 Kh7 39. Kg2 Kg6 40.
Rb7 Bf8 41. Rb8 Kf7 42. Rb7+ Ke6 43. Kf3 Be7 44. Rb6+ Bd6 45. Rb7 Be7 46. Rb6+
Bd6 47. Rb7 Bf8 48. Rb6+ Kf7 49. Rb7+ Kg6 50. Rb8 Bd6 51. Rb7 Bc7 52. Ra7 h5
53. Rb7 hxg4+ 54. hxg4 Bd6 55. Rb6 Ba3 56. Rb7 Bc1 57. Bxc1 Rxc1 58. Kg2 Kh6
59. g5+ fxg5 60. Rb6+ Kh5 61. Rb7 Kg6 62. Rb6+ Kf5 63. Rb7 g6 64. Rf7+ Ke6 65.
Rf8 Rc3 66. Ra8 g4 67. Rg8 Kf5 68. Rf8+ Ke6 69. Re8+ Kf6 70. Rf8+ Ke7 71. Rg8
Rf3 72. Rxg6 1/2-1/2

[Event "18th Amber Blindfold"]
[Site "Nice FRA"]
[Date "2009.03.17"]
[Round "4"]
[White "Carlsen, M."]
[Black "Leko, P."]
[Result "1/2-1/2"]
[WhiteElo "2776"]
[BlackElo "2751"]
[PlyCount "51"]
[EventDate "2009.03.14"]

1. e4 c6 2. d4 d5 3. e5 Bf5 4. Nf3 e6 5. a3 Ne7 6. Nbd2 Bg6 7. Nh4 Nf5 8. Nxg6
hxg6 9. Nf3 c5 10. dxc5 Bxc5 11. b4 Bb6 12. c4 dxc4 13. Qxd8+ Bxd8 14. Bxc4 Nc6
15. Bb2 Nh4 16. Nxh4 Rxh4 17. Bd3 Bb6 18. g3 Rh5 19. f4 O-O-O 20. O-O-O Bd4 21.
h4 Rhh8 22. Rh2 Rd7 23. Bxd4 Nxd4 24. Be4 Rhd8 25. Kb2 Nf5 26. Rc2+ 1/2-1/2

[Event "18th Amber Blindfold"]
[Site "Nice FRA"]
[Date "2009.03.17"]
[Round "4"]
[White "Morozevich, A."]
[Black "Topalov, V."]
[Result "1-0"]
[WhiteElo "2771"]
[BlackElo "2796"]
[PlyCount "87"]
[EventDate "2009.03.14"]

1. d4 Nf6 2. c4 e6 3. Nc3 Bb4 4. Qc2 O-O 5. a3 Bxc3+ 6. Qxc3 d5 7. Nf3 dxc4 8.
Qxc4 b6 9. Bg5 Ba6 10. Qc2 h6 11. Bh4 c5 12. e4 Bxf1 13. Rxf1 g5 14. Bg3 cxd4
15. Rd1 Qc8 16. Qe2 Qa6 17. Bxb8 Qxe2+ 18. Kxe2 Raxb8 19. Rxd4 Rbc8 20. Rfd1
Rc2+ 21. R1d2 Rfc8 22. Ne5 Rc1 23. Rd8+ Rxd8 24. Rxd8+ Kg7 25. Ra8 Rc5 26. Nd3
Rc2+ 27. Kd1 Rc7 28. f3 h5 29. Kd2 Nd7 30. b3 h4 31. g3 hxg3 32. hxg3 Kf6 33.
f4 gxf4 34. gxf4 e5 35. Re8 exf4 36. Nxf4 Rc6 37. b4 Kg7 38. Kd3 Rd6+ 39. Ke3
a6 40. e5 Rh6 41. e6 Ne5 42. e7 Kf6 43. Nd5+ Ke6 44. Rd8 1-0

[Event "18th Amber Blindfold"]
[Site "Nice FRA"]
[Date "2009.03.17"]
[Round "4"]
[White "Radjabov, T."]
[Black "Karjakin, Sergey"]
[Result "1-0"]
[WhiteElo "2761"]
[BlackElo "2706"]
[PlyCount "133"]
[EventDate "2009.03.14"]

1. e4 e5 2. Nf3 Nc6 3. Bc4 Nf6 4. d3 Be7 5. Bb3 O-O 6. O-O d6 7. c3 d5 8. Nbd2
Bg4 9. h3 Bh5 10. Re1 dxe4 11. dxe4 Bc5 12. Qe2 h6 13. Qb5 Qe7 14. Qxb7 Na5 15.
Qb5 Nxb3 16. Nxb3 Bd6 17. Nh4 a6 18. Qc4 Qd7 19. f3 Qb5 20. Qxb5 axb5 21. Be3
Nd7 22. g4 Bg6 23. Red1 Rfb8 24. a3 Kf8 25. Rd5 Ke7 26. Rad1 Bh7 27. Kf2 Nb6
28. Bxb6 Rxb6 29. Nf5+ Bxf5 30. exf5 h5 31. Nd2 hxg4 32. fxg4 Ra4 33. Re1 Rb8
34. Ne4 f6 35. h4 Kd7 36. Kf3 Kc6 37. Red1 Be7 38. h5 Rh8 39. R5d2 Raa8 40. Rh2
Rh6 41. Rc2 Ra4 42. Rcd2 Rh8 43. Rd7 Re8 44. Ke3 Raa8 45. R7d5 Rh8 46. R5d3 Ra4
47. R3d2 Raa8 48. Rh1 Rh6 49. c4 b4 50. axb4 Bxb4 51. Rd5 Ra2 52. Rb1 Rh8 53.
Rb5 Be7 54. Nc3 Raa8 55. Nd5 Bd6 56. Ke4 Ra4 57. b4 Ra3 58. Ra5 Rg3 59. b5+ Kd7
60. b6 Rxg4+ 61. Kf3 Rd4 62. b7 Rb8 63. Ra8 c6 64. Nb6+ Kd8 65. c5 Bc7 66. Rg1
Rf4+ 67. Ke2 1-0

[Event "18th Amber Blindfold"]
[Site "Nice FRA"]
[Date "2009.03.19"]
[Round "5"]
[White "Karjakin, Sergey"]
[Black "Morozevich, A."]
[Result "0-1"]
[WhiteElo "2706"]
[BlackElo "2771"]
[PlyCount "92"]
[EventDate "2009.03.14"]

1. e4 c6 2. d4 d5 3. e5 Bf5 4. Nf3 e6 5. Be2 c5 6. Be3 Qb6 7. Nc3 Nc6 8. O-O
Qxb2 9. Nb5 c4 10. Nc7+ Kd7 11. Nxa8 Bxc2 12. Qe1 Bb4 13. Bd2 Nge7 14. Bxb4
Nxb4 15. Ng5 Rxa8 16. Nxf7 Nec6 17. Nd6 Bg6 18. a3 Nxd4 19. Bxc4 Nbc6 20. Ra2
Qb6 21. Be2 a6 22. Qc3 Rb8 23. Rd1 Qb3 24. Qxb3 Nxb3 25. f4 b5 26. Bg4 Ke7 27.
h4 h5 28. Bh3 Nba5 29. Rf2 Nc4 30. Rf3 N4xe5 31. fxe5 Nxe5 32. Rg3 Kxd6 33. Re1
Be4 34. Rxg7 a5 35. Ra7 Nc6 36. Ra6 b4 37. axb4 axb4 38. Bxe6 b3 39. Rc1 d4 40.
Bxb3 Rxb3 41. Rc4 Rd3 42. Kf2 Bd5 43. Rc2 Rc3 44. Rd2 Kc5 45. Ra8 Be6 46. Rg8
Bxg8 0-1

[Event "18th Amber Blindfold"]
[Site "Nice FRA"]
[Date "2009.03.19"]
[Round "5"]
[White "Leko, P."]
[Black "Kamsky, G."]
[Result "1/2-1/2"]
[WhiteElo "2751"]
[BlackElo "2725"]
[PlyCount "131"]
[EventDate "2009.03.14"]

1. e4 g6 2. d4 Bg7 3. Nf3 b6 4. Bd3 Bb7 5. O-O d6 6. c3 e6 7. Re1 Ne7 8. Nbd2
Nd7 9. Nf1 a6 10. Ng3 O-O 11. Qe2 c5 12. Be3 h6 13. Rad1 Qc7 14. Bb1 Rad8 15.
Bf4 e5 16. Be3 b5 17. h4 Nf6 18. h5 Ng4 19. Bc1 Bc8 20. a4 Qb6 21. axb5 axb5
22. dxe5 dxe5 23. Nh2 Nxh2 24. Kxh2 c4 25. Be3 Qc7 26. Rxd8 Rxd8 27. hxg6 fxg6
28. Rd1 Be6 29. Bc2 Nc6 30. Rxd8+ Qxd8 31. Kg1 h5 32. Nf1 Bf6 33. Qd2 Kg7 34.
Qxd8 Nxd8 35. Nd2 Nf7 36. b3 Bg5 37. Bxg5 Nxg5 38. bxc4 Bxc4 39. g3 Kf6 40. Kg2
Ne6 41. Nxc4 bxc4 42. Ba4 Nc5 43. Bc6 Nd3 44. Kf3 g5 45. Bb5 Nb2 46. Ke2 h4 47.
Bd7 Ke7 48. Bf5 Na4 49. Kd2 Kd6 50. Bg4 Kc6 51. Bf5 Nb2 52. Ke2 Kb5 53. Bd7+
Kc5 54. Be6 Na4 55. Kd2 Kb5 56. Bd7+ Ka5 57. Be6 Nc5 58. Bxc4 Nxe4+ 59. Ke3
hxg3 60. fxg3 Nxc3 61. Kf3 Kb4 62. Bf1 Kc5 63. Kg4 Ne4 64. Bg2 Kd4 65. Kf5
Nxg3+ 66. Kxg5 1/2-1/2

[Event "18th Amber Blindfold"]
[Site "Nice FRA"]
[Date "2009.03.20"]
[Round "6"]
[White "Carlsen, M."]
[Black "Morozevich, A."]
[Result "1-0"]
[WhiteElo "2776"]
[BlackElo "2771"]
[PlyCount "93"]
[EventDate "2009.03.14"]

1. d4 Nf6 2. c4 g6 3. Nc3 d5 4. Nf3 Bg7 5. Qb3 dxc4 6. Qxc4 O-O 7. e4 a6 8. e5
Nfd7 9. Be3 Nb6 10. Qc5 Bg4 11. Be2 N8d7 12. Qa3 c6 13. h4 h5 14. Qb3 Be6 15.
Qd1 f6 16. Bd3 Qe8 17. Qc2 f5 18. Ng5 Bd5 19. Nxd5 Nxd5 20. Ne6 Rf7 21. Bd2 Nf8
22. Ng5 Rd8 23. O-O-O Bh6 24. Nxf7 Bxd2+ 25. Rxd2 Qxf7 26. Bc4 Ne6 27. Kb1 Qe8
28. f3 Kg7 29. g4 hxg4 30. fxg4 fxg4 31. Qe4 Qf7 32. Rf1 Qg8 33. Bxd5 Rxd5 34.
Qxg4 c5 35. Rg2 g5 36. Rgf2 Rxd4 37. Rf7+ Qxf7 38. Rxf7+ Kxf7 39. Qf5+ Ke8 40.
Qxe6 gxh4 41. Qc8+ Kf7 42. Qf5+ Kg7 43. e6 h3 44. Qxh3 Kf6 45. Qf3+ Kxe6 46.
Qxb7 Rd6 47. Kc2 1-0

[Event "18th Amber Blindfold"]
[Site "Nice FRA"]
[Date "2009.03.21"]
[Round "7"]
[White "Topalov, V."]
[Black "Ivanchuk, V."]
[Result "1/2-1/2"]
[WhiteElo "2796"]
[BlackElo "2779"]
[PlyCount "77"]
[EventDate "2009.03.14"]

1. d4 Nf6 2. c4 e6 3. Nf3 d5 4. g3 dxc4 5. Bg2 c6 6. O-O b5 7. Ne5 Bb7 8. a4 a6
9. axb5 axb5 10. Rxa8 Bxa8 11. Nc3 Be7 12. Nxb5 cxb5 13. Bxa8 O-O 14. Bf3 Nd5
15. h4 Qc7 16. Bd2 Bf6 17. e4 Bxe5 18. dxe5 Ne7 19. Bb4 Nbc6 20. Bd6 Qb6 21. b3
Ra8 22. bxc4 bxc4 23. Qc1 Ng6 24. Qxc4 Ncxe5 25. Bxe5 Nxe5 26. Qc3 Qd4 27. Rc1
g5 28. Kg2 Qxc3 29. Rxc3 g4 30. Be2 Kg7 31. f4 gxf3+ 32. Bxf3 Ra2+ 33. Kf1 Ra4
34. Kf2 Kf6 35. Ke3 Nc4+ 36. Kd3 Ne5+ 37. Ke3 Nc4+ 38. Kd3 Ne5+ 39. Ke3 1/2-1/2

[Event "18th Amber Blindfold"]
[Site "Nice FRA"]
[Date "2009.03.21"]
[Round "7"]
[White "Wang Yue"]
[Black "Carlsen, M."]
[Result "0-1"]
[WhiteElo "2739"]
[BlackElo "2776"]
[PlyCount "98"]
[EventDate "2009.03.14"]

1. d4 d5 2. c4 e6 3. Nf3 Nf6 4. Bg5 dxc4 5. Nc3 c6 6. a4 Bb4 7. e4 Bxc3+ 8.
bxc3 Qa5 9. e5 Ne4 10. Bd2 Qd5 11. a5 c5 12. Qa4+ Bd7 13. Qxc4 Qxc4 14. Bxc4
Bc6 15. Ke2 Nd7 16. Rhc1 Ke7 17. Be3 b5 18. Bd3 c4 19. Bb1 f6 20. exf6+ Nexf6
21. Ne5 Nxe5 22. dxe5 Nd5 23. f3 Nxe3 24. Kxe3 Rad8 25. Bc2 Rd5 26. Be4 Rxe5
27. Kd4 Kf6 28. Rd1 Bd5 29. a6 Rb8 30. Bxd5 Rxd5+ 31. Ke4 Rbd8 32. Rxd5 Rxd5
33. f4 Ke7 34. g4 Kd6 35. f5 exf5+ 36. gxf5 Kc5 37. Rg1 Rd7 38. Rg5 Re7+ 39.
Kf4 Kb6 40. h4 Kxa6 41. h5 h6 42. Rg6+ Ka5 43. Re6 Rd7 44. Ke4 Ka4 45. f6 gxf6
46. Rxf6 Kb3 47. Rxh6 Kxc3 48. Rg6 b4 49. h6 Rh7 0-1

[Event "18th Amber Blindfold"]
[Site "Nice FRA"]
[Date "2009.03.21"]
[Round "7"]
[White "Radjabov, T."]
[Black "Kamsky, G."]
[Result "1-0"]
[WhiteElo "2761"]
[BlackElo "2725"]
[PlyCount "81"]
[EventDate "2009.03.14"]

1. e4 d5 2. exd5 Nf6 3. Nf3 Nxd5 4. d4 c6 5. Be2 g6 6. O-O Bg7 7. h3 O-O 8. c4
Nb6 9. Be3 a5 10. Nc3 Na6 11. Qb3 Bf5 12. a3 Qc7 13. Rac1 h6 14. Rfd1 Rfd8 15.
Rd2 Nd7 16. Rdd1 Be6 17. Nd5 cxd5 18. cxd5 Bxd5 19. Qxd5 Qb6 20. Qa2 Nc7 21.
Bc4 e6 22. d5 Qxb2 23. dxe6 Qxa2 24. exf7+ Kh7 25. Bxa2 Nb5 26. Rd3 Nf8 27. Rb3
Nd6 28. Bf4 g5 29. Bg3 Nxf7 30. Rxb7 Nd6 31. Bxd6 Rxd6 32. Rcc7 Nd7 33. Rxd7
Rxd7 34. Rxd7 Rc8 35. g3 Rc3 36. Rd3 Rc1+ 37. Kg2 Bf8 38. a4 Bc5 39. Rd7+ Kg6
40. Ne5+ Kf5 41. Nd3 1-0

[Event "18th Amber Blindfold"]
[Site "Nice FRA"]
[Date "2009.03.21"]
[Round "7"]
[White "Kramnik, V."]
[Black "Aronian, L."]
[Result "1/2-1/2"]
[WhiteElo "2759"]
[BlackElo "2750"]
[PlyCount "69"]
[EventDate "2009.03.14"]

1. d4 Nf6 2. c4 g6 3. Nc3 d5 4. cxd5 Nxd5 5. e4 Nxc3 6. bxc3 Bg7 7. Be3 c5 8.
Rc1 Qa5 9. Qd2 O-O 10. Nf3 Rd8 11. d5 e6 12. Be2 exd5 13. exd5 Nd7 14. O-O Nf6
15. c4 Qxd2 16. Nxd2 b6 17. h3 Re8 18. Bd3 Nd7 19. Rfd1 Ne5 20. Bf1 Bd7 21. Nb1
f5 22. Nc3 Nf7 23. a4 g5 24. a5 f4 25. Bd2 Nd6 26. axb6 axb6 27. Rb1 Reb8 28.
Re1 Ra3 29. Re7 Bf5 30. Rc1 Rb7 31. Rxb7 Nxb7 32. Nb5 Ra1 33. Rxa1 Bxa1 34. h4
h6 35. hxg5 1/2-1/2

[Event "18th Amber Blindfold"]
[Site "Nice FRA"]
[Date "2009.03.22"]
[Round "8"]
[White "Leko, P."]
[Black "Wang Yue"]
[Result "1/2-1/2"]
[WhiteElo "2751"]
[BlackElo "2739"]
[PlyCount "138"]
[EventDate "2009.03.14"]

1. e4 e5 2. Nf3 Nc6 3. Bb5 Nf6 4. O-O Nxe4 5. d4 Nd6 6. Bxc6 dxc6 7. dxe5 Nf5
8. Qxd8+ Kxd8 9. Nc3 Ke8 10. h3 Be7 11. g4 Nh4 12. Nxh4 Bxh4 13. Kg2 h5 14. f3
Be7 15. Rd1 Be6 16. Be3 a6 17. Ne2 Rd8 18. Nf4 g6 19. Rxd8+ Kxd8 20. Rd1+ Ke8
21. Nxe6 fxe6 22. f4 Rh7 23. Bf2 Rh8 24. Bg3 Rh7 25. Kf3 Rh8 26. Re1 Rh7 27.
Re2 Rh8 28. Rh2 Rh7 29. Ke4 Rg7 30. Rd2 Rg8 31. Re2 Rg7 32. Rh2 Kf7 33. Rd2 Ke8
34. Rg2 Kf7 35. b3 Rg8 36. Rd2 Ke8 37. Rf2 Kf7 38. Rf3 hxg4 39. hxg4 Rh8 40. f5
gxf5+ 41. gxf5 exf5+ 42. Kxf5 Rh6 43. Rf2 c5 44. Rh2 Rxh2 45. Bxh2 Ke8 46. Bf4
c4 47. bxc4 Bb4 48. Ke6 Ba5 49. Be3 Bb4 50. Bd4 Bf8 51. c5 Be7 52. Kd5 c6+ 53.
Ke6 Bf8 54. Be3 Be7 55. Bf2 Bf8 56. Bg1 Be7 57. Kf5 Kf7 58. e6+ Ke8 59. Bd4 Bf8
60. Ke4 Ke7 61. Kf5 Ke8 62. Be3 Be7 63. Ke5 Bf8 64. Bf2 Be7 65. Kd4 Bf6+ 66.
Ke4 Be7 67. Be3 Bf8 68. Bd4 Ke7 69. Kf5 Ke8 1/2-1/2

[Event "18th Amber Blindfold"]
[Site "Nice FRA"]
[Date "2009.03.22"]
[Round "8"]
[White "Carlsen, M."]
[Black "Topalov, V."]
[Result "1-0"]
[WhiteElo "2776"]
[BlackElo "2796"]
[PlyCount "137"]
[EventDate "2009.03.14"]

1. d4 Nf6 2. c4 e6 3. Nf3 c5 4. Nc3 cxd4 5. Nxd4 Nc6 6. a3 Be7 7. e4 O-O 8. Nc2
b6 9. f4 Bb7 10. Bd3 Rc8 11. Qe2 d6 12. O-O Na5 13. Be3 a6 14. Nd4 Qc7 15. Rac1
Qb8 16. b4 Nc6 17. f5 Nxd4 18. Bxd4 Ba8 19. fxe6 fxe6 20. e5 dxe5 21. Bxe5 Qb7
22. Bxf6 Bxf6 23. Qxe6+ Kh8 24. Be4 Qc7 25. Nd5 Bd4+ 26. Kh1 Rxf1+ 27. Rxf1
Qxc4 28. Re1 Rf8 29. Nf4 b5 30. h3 Bf2 31. Qe7 Qc8 32. Ne6 Rg8 33. Ng5 Rf8 34.
Ne6 Rg8 35. Ng5 Rf8 36. Rd1 Re8 37. Nf7+ Kg8 38. Nh6+ Kh8 39. Nf7+ Kg8 40. Nd6
Rxe7 41. Nxc8 Re8 42. Bxa8 Rxc8 43. Bd5+ Kh8 44. Bb7 Rb8 45. Bxa6 g6 46. Rd6
Bg3 47. Rd3 Be5 48. g4 Rb6 49. Bc8 Kg7 50. Kg2 Kf6 51. Kf3 Rb8 52. Bd7 Bb2 53.
Ke4 Rd8 54. Rf3+ Ke7 55. Bxb5 Rd4+ 56. Ke3 Rd6 57. Ke2 Rf6 58. Rb3 Bd4 59. Kd3
Rf3+ 60. Kc4 Rxb3 61. Kxb3 Kd6 62. a4 Bf2 63. Kc4 g5 64. Be8 h6 65. Kb5 Be1 66.
Kb6 Bxb4 67. a5 Bc5+ 68. Kb7 Ke7 69. Bh5 1-0

[Event "18th Amber Blindfold"]
[Site "Nice FRA"]
[Date "2009.03.22"]
[Round "8"]
[White "Ivanchuk, V."]
[Black "Morozevich, A."]
[Result "1-0"]
[WhiteElo "2779"]
[BlackElo "2771"]
[PlyCount "99"]
[EventDate "2009.03.14"]

1. e4 e5 2. Nf3 Nc6 3. Bb5 a6 4. Ba4 Nf6 5. O-O Be7 6. Re1 b5 7. Bb3 d6 8. c3
O-O 9. h3 Bb7 10. d4 Re8 11. Nbd2 Bf8 12. Bc2 h6 13. d5 Ne7 14. b3 c6 15. c4
cxd5 16. cxd5 Nd7 17. g4 Ng6 18. Nf1 Nf4 19. Kh2 Rc8 20. Bd2 h5 21. Ne3 hxg4
22. hxg4 Nf6 23. Rg1 g6 24. Rc1 Qd7 25. Rg3 Be7 26. Bb1 Rxc1 27. Bxc1 Bd8 28.
Kg1 Bb6 29. Nh4 Qc7 30. Bd2 Bc8 31. Qf3 Nh7 32. Kf1 Qd8 33. Qh1 Ng5 34. Nf3 Kg7
35. Nxg5 Qxg5 36. Nf5+ Bxf5 37. gxf5 Qf6 38. Bd3 Rh8 39. Qg1 Qh4 40. Bxf4 exf4
41. Rxg6+ Kf8 42. Rxd6 Bxf2 43. Qg2 f3 44. Qxf2 Qe7 45. Qg3 Qc7 46. f6 Rg8 47.
Qf4 Rh8 48. Rc6 Rh1+ 49. Kf2 Qa7+ 50. Kxf3 1-0

[Event "18th Amber Blindfold"]
[Site "Nice FRA"]
[Date "2009.03.24"]
[Round "9"]
[White "Morozevich, A."]
[Black "Aronian, L."]
[Result "1/2-1/2"]
[WhiteElo "2771"]
[BlackElo "2750"]
[PlyCount "95"]
[EventDate "2009.03.14"]

1. d4 d5 2. c4 c6 3. Nc3 Nf6 4. e3 a6 5. Nf3 b5 6. c5 g6 7. Bd2 a5 8. Bd3 Bg7
9. Qc2 Nbd7 10. h3 O-O 11. O-O Re8 12. Ne2 Qc7 13. Rae1 e5 14. Nxe5 Nxe5 15.
dxe5 Qxe5 16. Bc3 Qe7 17. Bd4 b4 18. a3 Ba6 19. Bxa6 Rxa6 20. axb4 axb4 21. Ra1
Qa7 22. Rxa6 Qxa6 23. b3 Ra8 24. Ra1 Qxa1+ 25. Bxa1 Rxa1+ 26. Nc1 Ne4 27. g4
Bf8 28. Kg2 Nc3 29. Nd3 Ra2 30. Qc1 Ne4 31. Qe1 Bxc5 32. Qc1 Ra5 33. h4 Nc3 34.
Nxc5 Rxc5 35. Qa1 Ne4 36. f3 Rc2+ 37. Kh3 Rc3 38. Qa7 Nd2 39. Qb8+ Kg7 40. Qxb4
Rd3 41. Kg2 d4 42. exd4 Nxb3 43. Qe7 Nxd4 44. Qe5+ Kg8 45. h5 Ne6 46. h6 g5 47.
Kf2 Rd8 48. Qf6 1/2-1/2

[Event "18th Amber Blindfold"]
[Site "Nice FRA"]
[Date "2009.03.24"]
[Round "9"]
[White "Wang Yue"]
[Black "Kamsky, G."]
[Result "1/2-1/2"]
[WhiteElo "2739"]
[BlackElo "2725"]
[PlyCount "117"]
[EventDate "2009.03.14"]

1. d4 d5 2. c4 c6 3. Nf3 Nf6 4. Nc3 a6 5. e3 g6 6. Bd3 Bg7 7. O-O O-O 8. Qc2
Bg4 9. Ne5 Be6 10. c5 Nbd7 11. Nxd7 Bxd7 12. Bd2 Ng4 13. f4 Nh6 14. b4 Bf5 15.
a4 f6 16. Nd1 Bxd3 17. Qxd3 e5 18. Nf2 Qd7 19. Bc3 exf4 20. exf4 Rfe8 21. Rfe1
Ng4 22. Rxe8+ Rxe8 23. Re1 Nxf2 24. Kxf2 f5 25. Rxe8+ Qxe8 26. Bd2 Kf7 27. Be3
Qe4 28. Qd2 h6 29. h4 Qb1 30. g3 Qa1 31. a5 Qb1 32. Kg2 Bf6 33. Kh2 Qf1 34. Bg1
Qf3 35. Bf2 Bd8 36. Qe3 Qe4 37. Qd2 Qb1 38. Kg2 Bc7 39. Be3 Qe4+ 40. Kf2 Qh1
41. Qe1 Qh2+ 42. Kf3 Qh3 43. Qg1 Qg4+ 44. Kf2 Kg7 45. Qe1 Kf7 46. Qe2 Bd8 47.
Qf3 Bf6 48. Kg2 Bg7 49. Kf2 Qh3 50. Qg2 Qg4 51. Qf3 Bf8 52. Kg2 Be7 53. Kf2 g5
54. Qxg4 fxg4 55. fxg5 hxg5 56. Bxg5 Bxg5 57. hxg5 Kg6 58. Ke3 Kxg5 59. Kd3
1/2-1/2

[Event "18th Amber Blindfold"]
[Site "Nice FRA"]
[Date "2009.03.24"]
[Round "9"]
[White "Kramnik, V."]
[Black "Ivanchuk, V."]
[Result "0-1"]
[WhiteElo "2759"]
[BlackElo "2779"]
[PlyCount "146"]
[EventDate "2009.03.14"]

1. d4 Nf6 2. c4 g6 3. Nc3 d5 4. Bf4 Bg7 5. e3 c5 6. dxc5 Qa5 7. Rc1 Ne4 8. cxd5
Nxc3 9. Qd2 Qxa2 10. bxc3 Qa5 11. Bc4 Nd7 12. Nf3 Nxc5 13. Be5 Bxe5 14. Nxe5 f6
15. Nd3 Ne4 16. Qa2 Qxa2 17. Bxa2 b6 18. f3 Nd6 19. c4 e5 20. dxe6 Bxe6 21. Nf4
Bf7 22. O-O Rc8 23. Rfd1 Nb7 24. e4 Nc5 25. Nd5 Rc6 26. Rc3 Kf8 27. Ra3 a5 28.
Rb1 Bxd5 29. cxd5 Rd6 30. Re3 g5 31. e5 fxe5 32. Rxe5 h6 33. Rbe1 Kg7 34. Re7+
Kf6 35. Rc7 a4 36. Re3 Na6 37. Ra7 b5 38. f4 Nb4 39. fxg5+ hxg5 40. Bb1 Nxd5
41. Rf3+ Nf4 42. Rf1 Rd2 43. Be4 Ke5 44. Bf3 g4 45. Re1+ Kd6 46. Rd1 Rxd1+ 47.
Bxd1 Rc8 48. Kf2 Rc3 49. Ra6+ Kc5 50. Bxg4 a3 51. h4 b4 52. h5 Nd3+ 53. Kg1 b3
54. Rxa3 Rc1+ 55. Kh2 b2 56. Rb3 b1=Q 57. Rxb1 Rxb1 58. Bf5 Rb3 59. h6 Ne5 60.
h7 Rb8 61. Kg3 Kd6 62. Kf4 Nf7 63. g4 Ke7 64. g5 Kf8 65. g6 Nh8 66. Kg5 Kg7 67.
Be4 Rc8 68. Kh5 Rc4 69. Bd3 Rc1 70. Be4 Rg1 71. Bf5 Kf6 72. Be4 Rg5+ 73. Kh6
Rg4 0-1

[Event "18th Amber Blindfold"]
[Site "Nice FRA"]
[Date "2009.03.24"]
[Round "9"]
[White "Karjakin, Sergey"]
[Black "Carlsen, M."]
[Result "1/2-1/2"]
[WhiteElo "2706"]
[BlackElo "2776"]
[PlyCount "81"]
[EventDate "2009.03.14"]

1. e4 c5 2. Nf3 Nc6 3. Bb5 e6 4. Bxc6 bxc6 5. d3 Ne7 6. Qe2 f6 7. Nh4 g6 8. f4
Bg7 9. O-O O-O 10. c4 d6 11. Nc3 Rb8 12. Be3 h6 13. e5 dxe5 14. fxe5 f5 15.
Bxc5 g5 16. Nf3 Ng6 17. d4 Re8 18. Bxa7 Rb7 19. Bc5 g4 20. Ne1 Bf8 21. Nd3 Bxc5
22. Nxc5 Qxd4+ 23. Qf2 Qxf2+ 24. Rxf2 Ra7 25. Re2 Rd8 26. g3 h5 27. a3 f4 28.
gxf4 Nxf4 29. Rc2 Rf7 30. N3e4 Rf5 31. Re1 Kg7 32. Ng3 Rg5 33. Nf1 h4 34. Rd2
Rf8 35. Re4 g3 36. hxg3 hxg3 37. Ne3 Nh3+ 38. Kg2 Nf4+ 39. Kg1 Nh3+ 40. Kg2
Nf4+ 41. Kg1 1/2-1/2

[Event "18th Amber Blindfold"]
[Site "Nice FRA"]
[Date "2009.03.25"]
[Round "10"]
[White "Leko, P."]
[Black "Karjakin, Sergey"]
[Result "0-1"]
[WhiteElo "2751"]
[BlackElo "2706"]
[PlyCount "112"]
[EventDate "2009.03.14"]

1. d4 d5 2. c4 c6 3. Nf3 Nf6 4. Nc3 e6 5. Bg5 h6 6. Bxf6 Qxf6 7. e3 Nd7 8. Bd3
dxc4 9. Bxc4 g6 10. O-O Bg7 11. Rc1 Qe7 12. e4 O-O 13. e5 c5 14. Re1 cxd4 15.
Qxd4 Nb6 16. Bf1 Bd7 17. Bb5 Rfd8 18. Qe4 a6 19. Bxd7 Rxd7 20. Na4 Nd5 21. Nc5
Rc7 22. Nd3 Rac8 23. g3 Rxc1 24. Rxc1 Rxc1+ 25. Nxc1 Qc7 26. Nd3 Qc2 27. Kg2 h5
28. Nfe1 Qc6 29. Kg1 Bh6 30. a3 b5 31. f4 Bf8 32. Kf2 a5 33. Kf3 a4 34. h3 Qc4
35. g4 hxg4+ 36. hxg4 Qb3 37. f5 Qd1+ 38. Kg3 Kh7 39. fxg6+ fxg6 40. Qf3 Qxf3+
41. Nxf3 Kg8 42. Nd4 b4 43. axb4 Nxb4 44. Nxb4 Bxb4 45. Nxe6 Kf7 46. Nf4 Bc3
47. e6+ Ke8 48. Nd5 Bxb2 49. Kf4 a3 50. Nb4 Ke7 51. Kg5 Kxe6 52. Kxg6 Kd6 53.
Kf5 Kc5 54. Nc2 a2 55. g5 Kc4 56. g6 Kb3 0-1

[Event "18th Amber Blindfold"]
[Site "Nice FRA"]
[Date "2009.03.25"]
[Round "10"]
[White "Carlsen, M."]
[Black "Kramnik, V."]
[Result "0-1"]
[WhiteElo "2776"]
[BlackElo "2759"]
[PlyCount "40"]
[EventDate "2009.03.14"]

1. d4 Nf6 2. c4 e6 3. Nc3 Bb4 4. Qc2 O-O 5. e4 d6 6. Bd3 Nc6 7. Nge2 Ba5 8. O-O
Bb6 9. d5 Nb4 10. Qd2 exd5 11. cxd5 Ng4 12. Bb1 Qh4 13. Qf4 f5 14. exf5 Bxf5
15. h3 Bxf2+ 16. Kh1 Bd7 17. Qg5 Bc5 18. Rxf8+ Rxf8 19. Ng1 Rf1 20. Bxh7+ Kh8
0-1

[Event "18th Amber Blindfold"]
[Site "Nice FRA"]
[Date "2009.03.25"]
[Round "10"]
[White "Kamsky, G."]
[Black "Topalov, V."]
[Result "0-1"]
[WhiteElo "2725"]
[BlackElo "2796"]
[PlyCount "66"]
[EventDate "2009.03.14"]

1. e4 c5 2. Nf3 e6 3. d4 cxd4 4. Nxd4 a6 5. Nc3 d6 6. Bd3 Nf6 7. O-O Be7 8. a4
Nc6 9. Nb3 b6 10. Be3 O-O 11. f3 Bb7 12. Rf2 Qc7 13. Bf1 Rac8 14. Qe1 Ne5 15.
Rd2 Nfd7 16. Rad1 Rfe8 17. Kh1 Bf8 18. Qg3 Nc5 19. Nd4 Qb8 20. Rf2 Ncd7 21. Bc1
Nf6 22. Re2 Ng6 23. Ree1 Be7 24. Qf2 Bd8 25. Nde2 Bc7 26. Qg1 d5 27. exd5 Nxd5
28. Nxd5 Bxd5 29. Nc3 Bb7 30. Be3 Ne5 31. Be2 Bc6 32. Bxa6 Nxf3 33. gxf3 Bxf3+
0-1